000 00602nam a2200217Ia 4500
005 20260415173411.0
008 008 250505s9999 xx 000 0 eng d
020 _a978-1-138-10369-6
037 _aReference
040 _aFEDL
_beng
_cFEDL
041 _aeng
_2eng
084 _a305.42 LIN/RR
_qFEDL
100 _aLindsey Linda L
_9600527
245 0 _aGender: Sociological perspectives
250 _a7
260 _aLondon, UK
_bRoutledge
_c2021
300 _axxviii, 754p.
365 _aGBP
_b105
942 _cREF
_h305.42 LIN/RR
999 _c1400021
_d1400021